| 000 | 00371nam a2200145Ia 4500 | ||
|---|---|---|---|
| 008 | 220216s9999 xx 000 0 und d | ||
| 100 | _aReghu C.P. | ||
| 245 | 0 | _aRubber wood. 14. Processing sectors in India | |
| 260 |
_bRubber _c1998 |
||
| 300 | _a14-15 | ||
| 650 | _aPioneering problems | ||
| 650 | _aProcessing units | ||
| 650 | _aProduct manufacture | ||
| 942 | _cML | ||
| 999 |
_c72692 _d72692 |
||